000 00519nam a2200193Ia 4500
005 20250508152707.0
008 008 250505s9999 xx 000 0 eng d
037 _aTextual
040 _aFEDL
_beng
_cFEDL
041 _aeng
_2eng
084 _a338.0954, DAN
_qFEDL
100 _aDantwala M. L.
245 0 _aIndia's food problem
260 _aBombay, India
_bAsia Publishing House
_c1961
300 _a40p.
650 _aEconomics
942 _cTEXL
_h338.0954, DAN
999 _c1338097
_d1338097